000 00609nam a2200181Ia 4500
008 090123s9999 xx 000 0 und d
082 _b17524
100 _aगाडगीळ स.रा.
245 _aकाव्य शास्त्र प्रदिप
250 _a1
260 _bपरिमल प्रकाशन
_c1987
300 _a296
600 _aगाडगीळ स.रा.
630 _aकाव्य शास्त्र प्रदिप
700 _aगाडगीळ स.रा.
730 _aकाव्य शास्त्र प्रदिप
942 _cBOOK
999 _c55583
_d55583